| 000 | 00865nam a2200205Ia 4500 | ||
|---|---|---|---|
| 001 | 259 | ||
| 005 | 20251203123022.0 | ||
| 008 | 251203t1954||||xx |||||||||||||| ||spa|| | ||
| 041 | _aESP | ||
| 082 |
_a782.270985 _bR719 |
||
| 100 |
_aRaygada, Carlos _c |
||
| 245 | 0 |
_aHistoria crítica del himno nacional : _bcon la denuncia de una estrofa apócrifa y de otras anomalías, adulteraciones y errores en la letra y en la música, desde su creación hasta la fecha, y la presentación analizada de cincuenta versiones diferentes, un apéndice biográfico y un apéndice documental. Tomos 1-2 |
|
| 260 |
_aLima : _bTalleres Gráficos P. L. Villanueva, _c1954 |
||
| 300 |
_a223 páginas : _b láminas, retratos ; _c 24 cm. _e |
||
| 440 |
_a _n _v |
||
| 650 | _aABD | ||
| 653 | _aHimnos nacionales - Perú - Historia y crítica | ||
| 654 | _aCTP | ||
| 942 |
_cLIB _dJUS _fMAT _2ddc _n |
||
| 999 |
_c259 _d259 |
||